000 00288nam a22001337a 4500
008 170206b xxu||||| |||| 00| 0 eng d
020 _a0892560126
041 _aeng
080 _a61
100 _a3
101 _aSHM
245 _aWHOLE HEALTH CATALOGUE
_cSHIRLEY LINDE
942 _2udc
_cBK
999 _c4695
_d4695